| 000 | 02504cam a22002895i 4500 | ||
|---|---|---|---|
| 001 | 114234 | ||
| 003 | DR-UNIBE | ||
| 005 | 20251126094707.0 | ||
| 008 | 251126t2025 mx a b 001 0 spa d | ||
| 020 | _a 9786073928304 | ||
| 040 |
_aBIBLIOTECA UNIBE _cBIBLIOTECA UNIBE _erda |
||
| 041 |
_aspa _heng |
||
| 082 | 0 | 4 |
_a220.6 P485n _223 |
| 100 | 1 |
_aPeterson, Jordan B., _eautor _9200696 |
|
| 245 | 1 | 0 |
_aNosotros que luchamos con Dios : _buna nueva perspectiva sobre la mayor historia jamás contada / _cJordan B. Peterson |
| 264 | 1 |
_aMéxico : _bEditorial Planeta, _c2025 |
|
| 300 |
_a670 páginas : _bilustraciones |
||
| 490 | _aVivir mejor. Prácticos | ||
| 505 | _a1. En el principio | 2. Adán, Eva, orgullo, autoconsciencia y caída | 3. Caín, Abel y el sacrificio | 4. Noé: Dios como la llamada a prepararse | 5. La torre de Babel: Dios frente a la tiranía y el orgullo | 6. Abraham: Dios como vigorosa llamada a la aventura | 7. Moisés I: Dios como el temible espíritu de la libertad | 8. Moisés II: hedonismo y tentación infantil | 9. Jonás y el abismo eterno | Conclusión | | ||
| 520 | 3 | _a"Nosotros que luchamos con Dios nos guía a través de las historias fundacionales del mundo occidental. El Dr. Peterson analiza en fascinante detalle las historias bíblicas de rebelión, sacrificio, sufrimiento y triunfo que nos anclan, nos inspiran y nos unen cultural y psicológicamente. Desde Adán y Eva y la caída eterna de la humanidad, el resentimiento y la guerra fratricida de Caín y Abel, el cataclismo universal del diluvio de Noé, el espectacular colapso de Babel, y hasta la epopeya de Moisés y los israelitas, Peterson revisa los relatos que nos han formado y analiza su significado, sin miedo a cuestionar cómo esas historias afectan nuestra existencia hasta el día de hoy. Es hora de tomar conciencia, científica y espiritualmente, de la estructura de nuestras almas y nuestras sociedades, y de mirarnos a nosotros mismos y a los demás como si fuera la primera vez. Este libro te ayudará a establecer los propósitos, metas y hábitos con los que guiarás tu vida a través de una exploración profunda de la esencia de nuestro ser. Atrévete a conocer la mayor historia jamás contada." | |
| 650 | 7 |
_aBiblia _2lemb _xHistoria _9201023 |
|
| 650 | 7 |
_aBiblia _2lemb _xCrítica e interpretación _9201024 |
|
| 653 | 0 | 0 | _aConducta de vida |
| 653 | 0 | 0 | _aDios (Cristianismo) |
| 700 |
_aSirvent Almenar, Judit _etraductor _9201020 |
||
| 942 |
_2ddc _cBK |
||
| 999 |
_c114235 _d114235 |
||